| 000 | 01054nam a2200313 a 4500 | ||
|---|---|---|---|
| 001 | 000028668 | ||
| 003 | DO-SdBNP | ||
| 005 | 20260116073830.0 | ||
| 007 | ta | ||
| 008 | 110411s2010 dr a 000 0 spa d | ||
| 020 | _a9789945002430 | ||
| 040 |
_aDO-SdBNP _bspa _cBNPHU |
||
| 082 | 4 |
_a158.1 _bS715a, 2010 _222 |
|
| 100 | 1 |
_aSosa Sosa, Diego A., _d1966- _93236 |
|
| 245 | 1 | 0 |
_a¡Alcanza la cumbre! : _bllegar a la cúspide es tu decisión / _cDiego A. Sosa Sosa. |
| 250 | _a2ª ed. | ||
| 260 |
_aSanto Domingo : _bBúho, _c2010. |
||
| 300 |
_a200 p. : _bil. ; _c23 cm. |
||
| 500 | _aIncluye datos del autor en la solapa de la contracubierta. | ||
| 590 | _aInventariado, 2018/MFF | ||
| 650 | 0 |
_aAutorrealización (Psicología) _9211 |
|
| 650 | 4 |
_aMontañismo _xNovela _955639 |
|
| 650 | 0 |
_aAutoestima _9212 |
|
| 650 | 4 |
_aToma de decisiones _95494 |
|
| 650 | 4 |
_aLiderazgo _9115 |
|
| 651 | 4 |
_aPico Duarte (República Dominicana : Montañas{Rpara} _xDescripciones y viajes _955640 |
|
| 910 | _aValidado. Control de calidad EMS. | ||
| 942 |
_2ddc _cLBS1 |
||
| 999 |
_c28160 _d28160 |
||